Izolácia a charakterizácia fyziologicky účinných prírodných látok dizertačná práca

Enregistré dans:
Détails bibliographiques
Auteur principal: Žemlička, Lukáš
Format: Livre
Langue:slovaque
Publié: Bratislava STU FCHPT 2014
Accès en ligne:Voir à l'OPAC
Tags: Ajouter un tag
Pas de tags, Soyez le premier à ajouter un tag!

MARC

LEADER 00000nam a2200000 a 4500
005 20260127134158.0
008 160223 2014 000 0 slo d
035 |a vtls011496337 
039 9 |y 201602231112  |z mschk02 
040 |a STUSCHK1  |b slo  |c STUSCHK1  |e AACR2 
100 1 |a Žemlička, Lukáš 
245 1 |a Izolácia a charakterizácia fyziologicky účinných prírodných látok  |b dizertačná práca  |c Lukáš Žemlička 
260 |a Bratislava  |b STU FCHPT  |c 2014 
300 |a 135 s.  |b il.  |c 24 cm 
500 |a Školiace pracovisko: Odd. výživy a hodnotenia potravín 
910 |a SCHK95 
999 |c 5988  |d 5988